| 000 | 01315nam a2200349 a 4500 | ||
|---|---|---|---|
| 001 | ebr10076732 | ||
| 003 | CaPaEBR | ||
| 006 | m u | ||
| 007 | cr cn||||||||| | ||
| 008 | 011114s2001 enka sb 001 0 eng | ||
| 015 | _aGBA1-V6660 | ||
| 020 | _z9781412931496 | ||
| 020 | _z0761967389 | ||
| 020 | _z0761967397 (pbk) | ||
| 040 |
_aCaPaEBR _cCaPaEBR |
||
| 035 | _a(OCoLC)70773913 | ||
| 050 | 1 | 4 |
_aLB1576 _b.B8724 2001eb |
| 082 | 0 | 4 |
_a372.6/0941 _221 |
| 100 | 1 | _aBrowne, Ann. | |
| 245 | 1 | 0 |
_aDeveloping language and literacy 3-8 _h[electronic resource] / _cAnn Browne. |
| 250 | _a2nd ed. | ||
| 260 |
_aLondon : _bP. Chapman Pub., _c2001. |
||
| 300 |
_aviii, 280 p. : _bill. |
||
| 504 | _aIncludes bibliographical references (p. 270-278) and index. | ||
| 533 |
_aElectronic reproduction. _bPalo Alto, Calif. : _cebrary, _d2013. _nAvailable via World Wide Web. _nAccess may be limited to ebrary affiliated libraries. |
||
| 650 | 0 |
_aLanguage arts (Elementary) _zGreat Britain. |
|
| 650 | 0 |
_aLanguage awareness in children _zGreat Britain. |
|
| 650 | 0 |
_aReading (Elementary) _zGreat Britain. |
|
| 655 | 7 |
_aElectronic books. _2local |
|
| 710 | 2 | _aebrary, Inc. | |
| 856 | 4 | 0 |
_uhttp://site.ebrary.com/lib/rucke/Doc?id=10076732 _zAn electronic book accessible through the World Wide Web; click to view |
| 999 |
_c53514 _d53514 |
||